Future missions in solar, heliospheric and space plasma physics (Record no. 8927)

MARC details
000 -LEADER
fixed length control field 00587nam a2200181Ia 4500
003 - CONTROL NUMBER IDENTIFIER
control field IN-BaIIA
008 - FIXED-LENGTH DATA ELEMENTS--GENERAL INFORMATION
fixed length control field 211028s9999 xx 000 0 eng d
040 ## - CATALOGING SOURCE
Transcribing agency IIA Library
080 ## - UNIVERSAL DECIMAL CLASSIFICATION NUMBER
Universal Decimal Classification number 523.9(063)
Item number ESA
100 ## - MAIN ENTRY--PERSONAL NAME
Personal name Rolfe, Eric
9 (RLIN) 15002
245 #0 - TITLE STATEMENT
Title Future missions in solar, heliospheric and space plasma physics
Statement of responsibility, etc. Eric Rolfe
260 ## - PUBLICATION, DISTRIBUTION, ETC.
Place of publication, distribution, etc. France
Name of publisher, distributor, etc. European Space Agency
Date of publication, distribution, etc. 1985
300 ## - PHYSICAL DESCRIPTION
Extent [various pagings.]
650 ## - SUBJECT ADDED ENTRY--TOPICAL TERM
Topical term or geographic name entry element Astronomy and astrophysics thesaurus
650 ## - SUBJECT ADDED ENTRY--TOPICAL TERM
Topical term or geographic name entry element Solar physics
650 ## - SUBJECT ADDED ENTRY--TOPICAL TERM
Topical term or geographic name entry element Space plasma
9 (RLIN) 15003
942 ## - ADDED ENTRY ELEMENTS (KOHA)
Koha item type Books
Holdings
Withdrawn status Lost status Damaged status Not for loan Home library Current library Shelving location Date acquired Total Checkouts Full call number Barcode Date last seen Price effective from Koha item type
        IIA Library-Bangalore IIA Library-Bangalore General Stacks 01/01/1987   523.9(063)/ ESA 9813 05/11/2021 01/01/1987 Books

Powered by Koha